Normal view
MARC view
- Plantation crops
Entry Topical Term
001 - CONTROL NUMBER
- control field: 5914
003 - CONTROL NUMBER IDENTIFIER
- control field: OSt
005 - DATE AND TIME OF LATEST TRANSACTION
- control field: 20240213145941.0
008 - FIXED-LENGTH DATA ELEMENTS
- fixed length control field: 240213|| aca||aabn | a|a d
040 ## - CATALOGING SOURCE
- Original cataloging agency: OSt
- Transcribing agency: OSt
150 ## - HEADING--TOPICAL TERM
- Topical term or geographic name as entry element: Plantation crops
670 ## - SOURCE DATA FOUND
- Source citation: Work cat.: (OSt)20: Pillai , K M . 5913, Text book of plantation crops / , 1984.
